| 000 | 01370cam a22003737a 4500 | ||
|---|---|---|---|
| 999 |
_c12854 _d12854 |
||
| 003 | EG-ScBUE | ||
| 005 | 20191218115015.0 | ||
| 006 | m||||fq||h 00| 0 | ||
| 008 | 091102t2009 xxu||||fr|||| 00| 0 eng d | ||
| 020 | _a9780521477758 | ||
| 020 | _a9780521477765 | ||
| 040 |
_aEG-ScBUE _beng _erda _cEG-ScBUE _dEG-ScBUE |
||
| 082 | 0 | 4 |
_a428 _bRED _222 |
| 100 | 1 |
_aRedman, Stuart, _eauthor. _929151 |
|
| 245 | 1 | 2 |
_aA way with words : _bresource pack. _n1, _pVocabulary activities, lower intermediate to intermediate / _cStuart Redman, Robert Ellis, Brigit Viney ; advisory editor Michael McCarthy. |
| 246 | 3 | 0 | _aVocabulary activities, lower intermediate to intermediate |
| 250 | _aTenth printing. | ||
| 264 | 1 |
_aCambridge, UK : _bCambridge University Press, _c2009. |
|
| 300 |
_avi, 89 pages : _billustrations, forms ; _c30 cm + _e1 audio cassette |
||
| 336 |
_2rdacontent _atext _btxt |
||
| 336 |
_2rdacontent _asounds _bsnd |
||
| 337 |
_2rdamedia _aunmediated _bn |
||
| 337 |
_2rdamedia _aaudio _bs |
||
| 338 |
_2rdacarrier _avolume _bnc |
||
| 338 |
_2rdacarrier _acomputer disc _bcd |
||
| 490 | 0 | _aCambridge copy collection | |
| 590 | _aMarwa Ashraf | ||
| 650 | 7 |
_97764 _aVocabulary _xStudy and teaching. _2BUEsh |
|
| 653 |
_bHHUUEENN _cJuly2019 |
||
| 655 | _vReading book | ||
| 700 | 1 |
_aEllis, Robert, _eauthor. |
|
| 700 | 1 |
_aViney, Brigit, _eauthor. |
|
| 942 |
_2ddc _cNB |
||